Studies in graph theory /
Guardado en:
| Otros Autores: | , |
|---|---|
| Formato: | Libro |
| Idioma: | English |
| Publicado: |
[Washington] :
Mathematical Association of America,
c1975.
|
| Series: | Studies in mathematics (Mathematical Association of America) ;
v. 11-12. |
| Materias: | |
| Etiquetas: |
Agregar Etiqueta
Sin Etiquetas, Sea el primero en etiquetar este registro!
|
| LEADER | 02037cam a2200289 a 4500 | ||
|---|---|---|---|
| 001 | MAT.inmabb003122 | ||
| 008 | 760515s1975####dcua#####b####001#0#eng## | ||
| 005 | 20130304144605.0 | ||
| 245 | 0 | 0 | |a Studies in graph theory / |c D. R. Fulkerson, editor. |
| 260 | |a [Washington] : |b Mathematical Association of America, |c c1975. | ||
| 300 | |a 2 v. (xi, 413, I9 p.) : |b il. ; |c 21 cm. | ||
| 490 | 1 | |a Studies in mathematics ; |v v. 11-12 | |
| 504 | |a Incluye referencias bibliográficas e índices. | ||
| 505 | 0 | |a Part 1: Claude Berge, Perfect graphs -- Richard A. Brualdi, Transversal theory and graphs -- George B. Dantzig, On the shortest route through a network [Management Sci. 6 (1959/60), 187-190] -- R. J. Duffin, Electrical network models [extended version of Mathematical aspects of electrical network analysis (Proc. Sympos. Appl. Math., New York, 1968), pp. 65-91, SIAM-AMS Proc., Vol. III, Amer. Math. Soc., Providence, R.I., 1971] -- D. R. Fulkerson, Flow networks and combinatorial operations research [Amer. Math. Monthly 73 (1966), 115-138] -- R. E. Gomory and T. C. Hu, Multi-terminal flows in a network [J. Soc. Indust. Appl. Math. 9 (1961)] | |
| 505 | 0 | |a Part 2: Branko Grünbaum, Polytopal graphs -- A. J. Hoffman, Eigenvalues of graphs -- George J. Minty, On the axiomatic foundations of the theories of directed linear graphs, electrical networks and network-programming [J. Math. Mech. 15 (1966), 485-520] -- W. T. Tutte, Chromials -- Hassler Whitney and W. T. Tutte, Kempe chains and the four colour problem [Utilitas Math. 2 (1972), 241-281] | |
| 510 | 4 | |a MR, |c 52 #13446 | |
| 020 | |a 0883851113 (v. 1) | ||
| 020 | |a 0883851121 (v. 2) | ||
| 700 | 1 | |a Berge, Claude. | |
| 700 | 1 | |a Fulkerson, D. R. | |
| 830 | 0 | |a Studies in mathematics (Mathematical Association of America) ; |v v. 11-12. | |
| 650 | 0 | |a Graph theory. | |
| 084 | |a 05Cxx (90Bxx 94A20) |2 msc2000 | ||
| 010 | |a 75024987 | ||
| 040 | |a DLC |c DLC |d DLC | ||
| 859 | |h 05 |i St933g |p A-4619 |v 1 |3 Part 1 |b BIB. MATEMATICA | ||
| 859 | |h 05 |i St933g |p A-4620 |v 2 |3 Part 2 |b BIB. MATEMATICA | ||
